000 00385 a2200145 4500
005 20250605104354.0
020 _a9 783319880822
082 _a658.7 SHE
100 _aSHENOY,D.
245 _aProblems & Solutions in Inventory Management.
260 _aSwitzerland,
_bSpringer,
_c2018.
300 _axii.;279p; figure.; table.;
_bindex.;
_c23cm.
700 _aROSAS, R.
942 _2ddc
_cBKS
999 _c3203
_d3203